000 01006mam a2200301 a 4500
001 1609649
003 ARRUPE
005 20140923020008.0
008 960229s1994 ug ab b 001 0 eng
010 _a 95981291
020 _a9970020447
035 _a(OCoLC)ocm34321271
040 _aDLC
_cDLC
042 _alcode
043 _af-ug---
050 0 0 _aJQ2951.A58
_bF76 1994
082 0 0 _a320.96761
_220
245 0 0 _aFrom chaos to order :
_bthe politics of constitution-making in Uganda /
_cedited by Holger Bernt Hansen and Michael Twaddle.
260 _aKampala :
_bFountain Publishers ;
_aLondon :
_bJames Curry,
_c[1994 or 1995]
300 _axv, 194 p. :
_bill., map ;
_c21 cm.
504 _aIncludes bibliographical references and index.
650 0 _aConstitutional history
_zUganda.
_911231
651 0 _aUganda
_xPolitics and government
_y1979-
_911232
700 1 _aHansen, Holger Bernt.
_911233
700 1 _aTwaddle, Michael.
_911234
942 _2lcc
_cMONOGRAPH
_01
999 _c120829
_d120829